Countries where at least 30% live in the largest city - Statistics

General Stats
  • This quiz has been taken 29 times
  • The average score is 5 of 12
Answer Stats
Percentage Answer % Correct
33 Reykjavik, Iceland
69%
33.4 Taipei, Taiwan
54%
34.4 Dubai, United Arab Emirates
50%
30 Georgetwon, Guyana
50%
39 Paramaribo, Suriname
50%
36.1 Montevideo, Uruguay
46%
58 Djibouti, Djibouti
38%
31.6 Beirut, Lebanon
35%
38.8 Riga, Latvia
35%
37 Yerevan, Armenia
35%
34.4 Kingston, Jamaica
31%
59 Nassau, Bahamas
23%
No matching quizzes found
Score Distribution
Percent of People with Each Score
Percentile by Number Answered
Your Score History
You have not taken this quiz